000 01682nam0a22003251 4500
001 v19\rc\1216663
005 20070329174040.8
035 _a(NLR Aleph) 005191143
090 _a5213987
_c5213987
100 _a20060306e18731873|||y0rusy50 ca
101 0 _arus
102 _aRU
105 _ay z |||||
200 1 _aСписок с духовные (грамоты) Московского гостя Георгия Леонтьева сына Никитникова 1651 года
_f[Сообщил архим. Леонид
210 _aСанкт-Петербург
_d1873]
215 _a5 с.
_d24
309 _aБез тит. л. и обл.
311 _aИз 4 кн. [журн.] "Чтения" [в О-ве любителей духовного просвещения], апр. 1873 г.
488 0 _12001#$aЧтения в Обществе любителей духовного просвещения$v1873, кн. 4, апр.
532 1 3 _aСписок с духовные грамоты Московского гостя Георгия Леонтьева сына Никитникова 1651 года
702 0 _6z01790
_aЛеонид
_cКавелин, Лев Александрович, архимандрит
_f1822-1891
_3RU\NLR\AUTH\7712175
_4570
_7ca
702 1 _aНикитников
_bГ. Л.
_gГеоргий Леонтьевич
_4570
790 1 _6z01702
_aКавелин
_bЛ. А.
_f1822-1891
_gЛев Александрович
801 0 _aRU
_bNLR
_c20060306
_gpsbo
801 1 _aRU
_bProSoft-M
_c20060306
_2rusmarc
801 2 _aRU
_bNLR
_c20070329
_2rusmarc
852 _aNLR
_j18.188.4.320
942 _cBOOK
980 _aNB
980 _aGENEAL01